Las redes ocultas de la edición /

Este análisis acerca del aspecto mercadológico y las redes de distribución de los libros y se ubica en el contexto francés. Así, algunos de los temas que aquí se desarrollan son: la concentración de las empresas editoriales; los efectos perversos de la lógica mercantil; La mundialización del libro y...

Description complète

Enregistré dans:
Détails bibliographiques
Auteur principal: Brémond, Janine (autor)
Autres auteurs: Brémond, Greg (autor) (autor)
Format: Livre
Langue:espagnol
Publié: Madrid, España : Editorial Popular, 2002, c2002
Collection:(Quintaesencia Editorial Popular ; 1)
Sujets:
Tags: Ajouter un tag
Pas de tags, Soyez le premier à ajouter un tag!

MARC

LEADER 00000nam^a2200000^a^4500
001 000181774
005 20250521000000.0
009 20260310101942.881
020 |a 84-7884-255-1 
037 |a Acervo ITESO - Biblioteca 
041 |a ESP 
082 |a 302. 232  |b BRE 
100 |a Brémond, Janine  |e (autor) 
245 1 4 |a Las redes ocultas de la edición /  |c J. Brémond, G.Brémond. 
264 4 |a Madrid, España :  |b Editorial Popular,  |c 2002, c2002 
300 |a 124 p. 
336 |a texto  |b txt  |2 rdacontenido 
337 |a sin mediación  |b n  |2 rdamedio 
338 |a volumen  |b nc  |2 rdasoporte 
440 1 |a (Quintaesencia Editorial Popular ;  |v 1) 
500 |a Traducción de: L'edition sous influence 
520 |a Este análisis acerca del aspecto mercadológico y las redes de distribución de los libros y se ubica en el contexto francés. Así, algunos de los temas que aquí se desarrollan son: la concentración de las empresas editoriales; los efectos perversos de la lógica mercantil; La mundialización del libro y los libros de texto; La edición intermedia y los pequeños editores; La fragilidad de la librería independiente; La edición, un oligopolio en red. 
649 |a XX 
650 |a Industria Editorial 
650 |a Editores y Libreros 
650 |a Pequeña Empresa -  |x Administración 
650 |a Libros 
650 |a Medios Impresos 
650 |a Medios de Comunicación 
650 |a Ventas 
650 |a Promoción del Producto 
650 |a Mezcla de Mercadotecnia 
650 |a Mercadotecnia 
650 |a Capitalismo 
650 |a Comercio 
650 |a Economía 
650 |a Globalización 
650 |a Apertura Comercial e Integración Económica 
650 |a Sociología de la Economía 
650 |a Sociología de la Comunicación 
700 |a Brémond, Greg  |e (autor) 
910 |a Fondo General 
920 |a Impresos - Libros 
930 |a Colección General 
905 |a 101 
901 |a 0500121469  |b IT1  |c ACC  |u 20250521 
902 |a https://opac.biblio.iteso.mx/vufind/Record/000181774